Statistics for Action Movie Characters

Click here to take the quiz!

General Stats

  • This quiz has been taken 29 times
  • The average score is 9 of 15

Answer Stats

Answer% Correct
Hawkeye
94%
Black Widow
72%
Iron Man
72%
Star-Lord
72%
Thor
72%
Captain America/Steve Rogers
67%
Captain Marvel
67%
Hulk/Bruce Banner
67%
Pepper Potts
67%
Spider Man
67%
Dr. Strange
61%
Nick Fury
56%
Hobbs
28%
Erik Killmonger
17%
Benjamin Gates
11%

Score Distribution

Percentile by Number Answered

Percent of People with Each Score

Your Score History

You have not taken this quiz